Hacia un cristianismo auténtico /

Na minha lista:
Detalhes bibliográficos
Autor principal: Leclercq, Jacques (autor)
Outros Autores: Arranz Carabias, Ana María (traducción) (traducción)
Formato: Livro
Idioma:espanhol
Publicado em: San Sebastián, España : Dinor, 1959, c1958
Tags: Adicionar Tag
Sem tags, seja o primeiro a adicionar uma tag!

MARC

LEADER 00000nam^a2200000^a^4500
001 000594395
005 20250521000000.0
009 20260310133026.223
037 |a Acervo ITESO - Biblioteca 
041 |a ESP 
091 |a FCR. 01714 
100 |a Leclercq, Jacques  |e (autor) 
245 1 0 |a Hacia un cristianismo auténtico / 
264 4 |a San Sebastián, España :  |b Dinor,  |c 1959, c1958 
300 |a 189 p. 
336 |a texto  |b txt  |2 rdacontenido 
337 |a sin mediación  |b n  |2 rdamedio 
338 |a volumen  |b nc  |2 rdasoporte 
649 |a XX 
700 |a Arranz Carabias, Ana María  |e (traducción) 
910 |a Fondo Cristina Romo Gil 
920 |a Impresos - Libros 
930 |a Fondos Especiales 
905 |a 143 
901 |a 594395-10  |b IT2  |c ESP  |i D121405  |u 20250521 
902 |a https://opac.biblio.iteso.mx/vufind/Record/000594395